000 00660nam a2200253Ia 4500
003 OSt
005 20221007103630.0
006 a|||||r|||| 00| 0
007 ta
008 221006b |||||||| |||| 00| 0 eng d
024 _a13,622
037 _cTextual
040 _aLCO
_cLCO
_beng
041 _2eng
_aeng
082 _aX:5:(Z1), L5
100 _aSchmitthoff C M
245 0 _aExport Trade
_b Law and Practice of International Trade
250 _a6th
260 _aLondon
_bStevens & Sons
_c1975
300 _a461
650 _aEXPORT TRADE
942 _hX:5:(Z1), L5
_cTEXL
999 _c1183185
_d1183185